| 000 | 00619nam a2200217 a 4500 | ||
|---|---|---|---|
| 005 | 20220910063643.0 | ||
| 008 | 090608s2003 es r 000 0 spa d | ||
| 020 | _a8466724745 | ||
| 035 | _aUPN01000171021 | ||
| 049 | _aI | ||
| 050 | 4 |
_aPN1085 _bL8.6 |
|
| 100 | 1 |
_aLuján, Jorge _932768 |
|
| 245 | 1 | 0 |
_aPalabras manzana / _cJorge Luján ; il. Manuel Marín. |
| 260 |
_aMadrid : _bAnaya, _c2003. |
||
| 300 |
_a94 p. : _bil. col. |
||
| 440 | 0 |
_aSopa de libros ; _v91 |
|
| 650 | 2 |
_aPoesía y niños _94146 |
|
| 650 | 7 |
_aPoesía infantil _2 _91259 |
|
| 700 | 1 |
_aMarín, Manuel, _d1951- _eil. _932262 |
|
| 905 | _aInfantil | ||
| 999 |
_c143126 _d143126 |
||